|
|
|
|
| LEADER |
01249nam a2200301 a 4500 |
| 001 |
2421296 |
| 008 |
090802s1987 nyua b 001 0 eng |
| 010 |
|
|
|a 87009831
|
| 020 |
|
|
|a 0671641034
|
| 040 |
|
|
|a DLC
|c DLC
|d DLC
|
| 082 |
0 |
0 |
|a 959.704/342
|2 19
|
| 100 |
1 |
|
|a Shawcross, William.
|
| 245 |
1 |
0 |
|a Sideshow :
|b Kissinger, Nixon, and the destruction of Cambodia /
|c William Shawcross.
|
| 250 |
|
|
|a Rev. ed., Touchstone ed.
|
| 260 |
|
|
|a New York :
|b Simon & Schuster,
|c 1987.
|
| 300 |
|
|
|a 515 p. :
|b ill. ;
|c 25 cm.
|
| 500 |
|
|
|a "A Touchstone book."
|
| 504 |
|
|
|a Includes Bibliography: p. 487-489 & index.
|
| 541 |
1 |
|
|e 00004602
|
| 650 |
|
0 |
|a Vietnam War, 1961-1975
|x Campaigns
|z Cambodia.
|
| 650 |
|
0 |
|a Cabinet officers
|z United States
|v Biography.
|
| 651 |
|
0 |
|a Cambodia
|x History
|y Civil War, 1970-1975.
|
| 651 |
|
0 |
|a United States
|x Politics and government
|y 1969-1974.
|
| 600 |
1 |
0 |
|a Kissinger, Henry,
|d 1923-
|
| 600 |
1 |
0 |
|a Nixon, Richard M.
|q (Richard Milhous),
|d 1913-1994.
|
| 852 |
4 |
|
|a Ayesha Abed Library
|j General Shelf.
|
| 999 |
|
|
|c 3169
|d 3169
|
| 952 |
|
|
|0 0
|1 0
|2 ddc
|4 0
|6 959_704342000000000_SHA
|7 0
|9 2872
|a BRACUL
|b BRACUL
|c GEN
|d 2009-08-30
|g 0.00
|l 0
|o 959.704342 SHA
|p 3010004602
|r 2009-08-30
|t 1
|w 2009-08-30
|y BK
|x No price found in the accession register.
|